000 00786nam a2200193 i 4500
001 73755
003 ES-MaACL
005 20230906171920.0
008 040910s1974 sp f |||| |bspa d
100 0 _aGómez-Tabanera, José Manuel,
_d1926-2011
_958165
245 1 0 _aPedro Menéndez de Avilés (1519-1574)
_b: al margen de un centenario, leyenda negra y razón de estado en la Florida hispánica /
_cJosé Manuel Gómez-Tabanera.
260 _a[Oviedo] :
_bInstituto de Estudios Asturianos,
_c[1974]
300 _a73 p., 8 lám. ;
_c25 cm.
595 _aSeparata de: Boletín del Instituto de Estudios Asturianos, n. 83.
600 1 4 _aMenéndez de Avilés, Pedro.
_980298
710 2 _aInstituto de Estudios Asturianos.
_94889
852 _aES-MaACL
_jE-7226
999 _c73755
_d73755